|
|
|
|
| LEADER |
01035nam a2200289 a 4500 |
| 001 |
1639 |
| 003 |
BD-DhAAL |
| 005 |
20150627091735.0 |
| 008 |
150627s1985 nju b 001 0 eng |
| 010 |
|
|
|a 85017506
|
| 020 |
|
|
|a 0934540551 (pbk.) :
|c $11.95
|
| 040 |
|
|
|a DLC
|c DLC
|d DLC
|d BD-DhAAL
|
| 050 |
0 |
0 |
|a JK421
|b .G64 1985
|
| 082 |
0 |
0 |
|a 353/.01
|2 19
|
| 100 |
1 |
|
|a Goodsell, Charles T.
|9 12447
|
| 245 |
1 |
4 |
|a The case for bureaucracy :
|b a public administration polemic /
|c Charles T. Goodsell.
|
| 250 |
|
|
|a 2nd ed.
|
| 260 |
|
|
|a Chatham, N.J. :
|b Chatham House Publishers,
|c c1985.
|
| 300 |
|
|
|a xi, 212 p. ;
|c 23 cm.
|
| 490 |
|
|
|a Chatham House series on change in American politics
|
| 500 |
|
|
|a Includes index.
|
| 504 |
|
|
|a Bibliography: p. 204-207.
|
| 541 |
|
|
|e 1639
|
| 650 |
|
0 |
|a Bureaucracy
|z United States.
|9 12448
|
| 942 |
|
|
|2 ddc
|c BK
|
| 999 |
|
|
|c 34837
|d 34837
|
| 952 |
|
|
|0 0
|1 0
|2 ddc
|4 0
|6 353_010000000000000_GOO
|7 0
|9 54514
|a SCL
|b SCL
|c GEN
|d 2015-06-27
|e Gift: The Asia Foundation
|l 0
|o 353.01 GOO
|p 3020001639
|r 2015-06-27
|t 1
|w 2015-06-27
|y BK
|